000 00713nab a2200217u 4500
001 19397
003 HDC
007 c| |||a|c|aaaa
008 210227b20070805my ||||o |||| 00| 0 eng d
040 _aHDC
245 0 _aAussie govt to review Halal slaughtering procedures
336 _atext
_2rdacontent
337 _acomputer
_2rdamedia
338 _aonline resource
_2rdacarrier
650 _ahalal and kosher slaughters
_917855
650 _aslaughter practices
_917854
856 _zRequest full-text at [email protected]
942 _2lcc
942 _cNEWS
942 _kNWS0 003556
999 _c16713
_d16713